| 000 -ლიდერი |
| ფიქსირებული სიგრძის საკონტროლო ველი |
01758nam a2200277Ia 4500 |
| 001 - საკონტროლო ნომერი |
| საკონტროლო ველი |
2216 |
| 003 - საკონტროლო ნომრის იდენტიფიკატორი |
| საკონტროლო ველი |
GE_BSU |
| 005 - ბოლო ოპერაციის თარიღი და დრო |
| საკონტროლო ველი |
20191114101729.0 |
| 008 - ფიქსირებული სიგრძის მონაცემთა ელემენტები - ზოგადი ინფორმაცია |
| ფიქსირებული სიგრძის საკონტროლო ველი |
181216s2011||||ge |||||||||||||| ||geo|| |
| 020 ## - წიგნის საერთაშორისო სტანდარტული ნომერი |
| International Standard Book Number |
97841432279 |
| 040 ## - კატალოგიზაციის წყარო |
| Transcribing agency |
GE_BSU |
| 041 ## - ენის კოდი |
| Language code of text/sound track or separate title |
geo |
| 080 ## - უნივერსალური ათობითი კლასიფიკაციის ინდექსი |
| Universal Decimal Classification number |
371.3+37.012 ბ–2 |
| 100 ## - მთავარი ჩანაწერი - პიროვნების სახელი |
| Personal name |
ბასილაძე, იმერ |
| 9 (RLIN) |
4921 |
| 245 ## - ცნობა სათაურის შესახებ |
| Title |
სწავლებისა და სწავლის ინტერაქტიური მეთოდები, აქტივობის ფორმები, შეფასების კრიტერიუმები, პედაგოგიური ტექნოლოგიები და მათი ზოგადპედაგოგიური დახასიათება / |
| Statement of responsibility, etc |
რედ. კონსტანტინე რამიშვილი. |
| 264 ## - წარმოების, გამოცემის, დისტრიბუციის და სხვა ცნობები |
| გამოცემის, წარმოების, დისტრიბუციის... ადგილი |
ქუთაისი : |
| გამოცემის, წარმოების, დისტრიბუციის... სახელწოდება |
აკ.წერეთლის სახ. უნ–ტის გამ-ბა, |
| გამოცემის, წარმოების, დისტრიბუციის... თარიღი |
2011. |
| 300 ## - ფიზიკური აღწერა |
| Extent |
191 გვ.: |
| Other physical details |
ილ. ; |
| Dimensions |
20 სმ. |
| 504 ## - BIBLIOGRAPHY, ETC. NOTE |
| Bibliography, etc |
ბიბლიოგრ.: გვ. 185-187. |
| 653 ## - INDEX TERM--UNCONTROLLED |
| Uncontrolled term |
სწავლების ინტერაქტიური მეთოდები |
| 653 ## - INDEX TERM--UNCONTROLLED |
| Uncontrolled term |
მოსწავლეთა ცოდნის შეფასება |
| 700 ## - ADDED ENTRY--PERSONAL NAME |
| Personal name |
ჭოხონელიძე, ნინო |
| Relator term |
ავტორი |
| 9 (RLIN) |
4922 |
| 700 ## - ADDED ENTRY--PERSONAL NAME |
| Personal name |
კოსტავა, ნინო |
| Relator term |
ავტორი |
| 9 (RLIN) |
4923 |
| 700 ## - ADDED ENTRY--PERSONAL NAME |
| Personal name |
რამიშვილი, კონსტანტინე |
| Relator term |
რედაქტორი |
| 9 (RLIN) |
4526 |
| 710 ## - ADDED ENTRY--CORPORATE NAME |
| Corporate name or jurisdiction name as entry element |
აკ. წერეთლის სახელმწ. უნ-ტი. |
| Subordinate unit |
პედაგოგიკის დეპარტამენტი; |
| 9 (RLIN) |
4924 |
| 942 ## - ADDED ENTRY ELEMENTS (KOHA) |
| Koha item type |
წიგნი |
| Source of classification or shelving scheme |
|